Líneas y Criterios Jurisprudenciales de la Sala de lo Constitucional 2002/ (Registro nro. 9781)

Detalles MARC
000 -LEADER
fixed length control field 00712nam a2200193Ia 4500
005 - FECHA Y HORA DE LA ÚLTIMA TRANSACCIÓN
control field 20231013103325.0
008 - FIXED-LENGTH DATA ELEMENTS--GENERAL INFORMATION
fixed length control field 231013s9999 xx 000 0 und d
040 ## - CATALOGING SOURCE
Original cataloging agency UPAN
Transcribing agency Biblioteca San Vicente
Description conventions RCAA2
041 ## - LANGUAGE CODE
Language code of text/sound track or separate title spa
082 ## - DEWEY DECIMAL CLASSIFICATION NUMBER
Classification number 342.728 4
Item number C531
año de publicación 2004
110 ## - MAIN ENTRY--CORPORATE NAME
Corporate name or jurisdiction name as entry element Corte Suprema de Justicia
Relator code aut.
245 #0 - TITLE STATEMENT
Title Líneas y Criterios Jurisprudenciales de la Sala de lo Constitucional 2002/
Statement of responsibility, etc Corte Suprema de Justicia
250 ## - EDITION STATEMENT
Edition statement 1º ed
260 ## - PUBLICATION, DISTRIBUTION, ETC. (IMPRINT)
Place of publication, distribution, etc El Salvador:
Name of publisher, distributor, etc Corte Suprema de Justicia,
Date of publication, distribution, etc 2004
300 ## - PHYSICAL DESCRIPTION
Extent 396 p.;
Dimensions 22 cm.
505 ## - FORMATTED CONTENTS NOTE
Formatted contents note 1. Proceso de Amparo, 2. Proceso de Hàbeas Corpus, 3. Proceso de Inconstitucionalidad
650 ## - SUBJECT ADDED ENTRY--TOPICAL TERM
Source of heading or term LEMB
General subdivision Jurisprudencia constitucional
942 ## - ADDED ENTRY ELEMENTS (KOHA)
Koha item type Libros
Source of classification or shelving scheme Dewey Decimal Classification
Existencias
Withdrawn status Lost status Source of classification or shelving scheme Damaged status Not for loan Collection code Home library Current library Date acquired Total Checkouts Full call number Barcode Date last seen Copy number Price effective from Koha item type
    Dewey Decimal Classification     Referencia Biblioteca UPAN San Vicente Biblioteca UPAN San Vicente 13/10/2023   342.728 4 C531 12002083 13/10/2023 01 13/10/2023 Referencia
    Dewey Decimal Classification     Referencia Biblioteca UPAN San Vicente Biblioteca UPAN San Vicente 13/10/2023   342.728 4 C531 12002113 13/10/2023 02 13/10/2023 Referencia